La adquisición de la asimilación de sonoridad

In the present article we mil display the results of a pilot study on the acquisition of the Spanish laryngeal system by advanced U2 learners. The study contributes to our knowledge about phonological transfer between T1 and L2, in this particular case the acquisition of the voicing properties of Sp...

Teljes leírás

Elmentve itt :
Bibliográfiai részletek
Szerző: Bárkányi Zsuzsanna
Dokumentumtípus: Cikk
Megjelent: Universidad "József Attila", Departamento de Estudios Hispánicos Szeged 2012
Sorozat:Acta hispanica 17
Kulcsszavak:Nyelvészet
Tárgyszavak:
Online Access:http://acta.bibl.u-szeged.hu/30496
LEADER 01162nab a2200229 i 4500
001 acta30496
005 20220628133925.0
008 161017s2012 hu o 0|| eng d
022 |a 1416-7263 
040 |a SZTE Egyetemi Kiadványok Repozitórium  |b hun 
041 |a eng 
041 |a spa 
100 1 |a Bárkányi Zsuzsanna 
245 1 3 |a La adquisición de la asimilación de sonoridad  |h [elektronikus dokumentum] /  |c  Bárkányi Zsuzsanna 
260 |a Universidad "József Attila", Departamento de Estudios Hispánicos  |b Szeged  |c 2012 
300 |a 95-102 
490 0 |a Acta hispanica  |v 17 
520 3 |a In the present article we mil display the results of a pilot study on the acquisition of the Spanish laryngeal system by advanced U2 learners. The study contributes to our knowledge about phonological transfer between T1 and L2, in this particular case the acquisition of the voicing properties of Spanish and voicing assimilation in Spanish by native speakers of Hungarian. 
650 4 |a Bölcsészettudományok 
650 4 |a Nyelvek és irodalom 
695 |a Nyelvészet 
856 4 0 |u http://acta.bibl.u-szeged.hu/30496/1/hispanica_017_095-102.pdf  |z Dokumentum-elérés